Statistics for Name Every A$AP Rocky Song

Click here to take the quiz!

General Stats

  • This quiz has been taken 97 times
  • The average score is 26 of 66

Answer Stats

Answer% Correct
Praise the Lord (Da Shine)
84%
Peso
76%
Fuckin' Problems
72%
LSD
71%
Sandman
67%
Everyday
64%
Jukebox Joints
62%
1 Train
60%
Fashion Killa
60%
Demons
53%
Lord Pretty Flacko Jodye 2 (LPFJ2)
53%
LVL
53%
Purity
53%
Purple Swag: Chapter 2
53%
ASAP Forever (Remix)
52%
Houston Old Head
50%
Palace
50%
Long Live ASAP
48%
Canal St.
47%
Holy Ghost
47%
Kids Turned Out Fine
45%
Bass
43%
Fine Whine
41%
Wassup
41%
Brand New Guy
40%
Goldie
40%
Phoenix
40%
Trilla
40%
Leaf
38%
Buck Shots
36%
Electric Body
36%
Wild for the Night
36%
Angels
34%
Changes
34%
Distorted Records
34%
Hun43rd
34%
JD
34%
Jodye
34%
Pharsyde
34%
Excuse Me
33%
M's
33%
Acid Drip
31%
Calldrops
31%
PMW (All I Really Need)
31%
Roll One Up
31%
Get Lit
29%
Ghetto Symphony
29%
Wavybone
29%
Back Home
28%
Fukk Sleep
28%
Gunz n Butter
28%
Keep It G
28%
Tony Tone
28%
Dreams (Interlude)
26%
OG Beeper
26%
Black Tux, White Collar
24%
Brotha Man
24%
Kissin' Pink
24%
Hell
22%
I Come Apart
22%
Out of This World
22%
Pain
22%
Suddenly
21%
West Side Highway
21%
Max B
17%
Better Things
16%

Score Distribution

Percentile by Number Answered

Percent of People with Each Score

Your Score History

You have not taken this quiz